Language Quiz

Random Language Quiz

Word Bank4 Quiz Stats

 Plays Quiz not verified by Sporcle

Challenge
Share
Tweet
Embed
Score 0/25 Timer 10:00
0 Plays Today
definition word % Correct
a self-righteously moralistic person who behaves as if superior to othersprig
96.2%
book, esp. a large, heavy, scholarly onetome
96.2%
a scarcity or lack of somethingdearth
92.5%
using or expressed in more words than are neededverbose
90.6%
a trace of something that is disappearing or no longer existsvestige
88.7%
state or assert to be the caseaver
86.8%
displaying or having a disinclination for physical exertion or effort;languid
84.9%
repeal or do away with (a law, right, or formal agreement)abrogate
84.9%
dangerously high or steepprecipitous
81.1%
given to begging.mendicant
79.2%
old-fashioned or outdatedantiquated
77.4%
assistance and support in times of hardship and distresssuccour
75.5%
(of a subject or knowledge) little known; abstruserecondite
71.7%
definition word % Correct
accustom (someone) to somethinginure
67.9%
in an initial stage; beginning to happen or developincipient
64.2%
insulting, abusive, or highly critical languageinvective
58.5%
lacking a plan, purpose, or enthusiasmdesultory
58.5%
present, appearing, or found everywhereubiquitous
50.9%
causing or likely to cause an argument; controversialcontentious
49.1%
not feeling shame or regret about one's actions or attitudesimpenitent
45.3%
bitterness or ill feelingacrimony
35.8%
the display of strong feeling; passion:vehemence
32.1%
kept secret, esp. because it would not be approvedsurreptitious
20.8%
happening by accident or chance rather than designfortuitous
18.9%
having little or no money:impecunious
5.7%

You're not logged in!

Compare scores with friends on all Sporcle quizzes.
OR
Log In

You Might Also Like...

Show Comments

Extras

Created Aug 16, 2012ReportNominate

Top Quizzes Today


Score Distribution

Your Account Isn't Verified!

In order to create a playlist on Sporcle, you need to verify the email address you used during registration. Go to your Sporcle Settings to finish the process.

Report this User

Report this user for behavior that violates our Community Guidelines.

Details: